Stolice sąsiadujących państw na tę samą literę - Statystyki

Ogólne statystyki
  • Ten quiz został rozwiązany 52 razy
  • Średni wynik to 48 z 62
Statystyki odpowiedzi
Hint Odpowiedź % Poprawnych
B Belgrad Serbia
93%
B Belgrad Serbia
93%
Brasília Brazylia
93%
B Brasília Brazylia
93%
B Bratysława Słowacja
93%
Bukareszt Rumunia
93%
Bukareszt Rumunia
93%
B Berlin Niemcy
90%
B Berlin Niemcy
90%
Berno Szwajcaria
90%
Budapeszt Węgry
90%
Budapeszt Węgry
90%
B Budapeszt Węgry
90%
Buenos Aires Argentyna
90%
P Pekin Chiny
90%
Pjongjang Korea Północna
90%
A Ankara Turcja
87%
B Bogota Kolumbia
87%
Kinszasa Demokratyczna Republika Konga
87%
Kinszasa Demokratyczna Republika Konga
87%
L Luanda Angola
87%
Bruksela Belgia
83%
K Kampala Uganda
83%
K Kampala Uganda
83%
Moskwa Rosja
83%
A Astana Kazachstan
80%
Aszchabad Turkmenistan
80%
Ateny Grecja
80%
Lusaka Zambia
80%
Lusaka Zambia
80%
M Mińsk Białoruś
80%
W Warszawa Polska
80%
Wilno Litwa
80%
Kigali Rwanda
77%
K Kigali Rwanda
77%
L Lilongwe Malawi
77%
Paryż Francja
77%
P Podgorica Czarnogóra
77%
Prisztina Kosowo
77%
Lima Peru
73%
N Ndżamena Czad
73%
Niamey Niger
73%
K Kijów Ukraina
70%
Kiszyniów Mołdawia
70%
L La Paz Boliwia
70%
Nowe Delhi Indie
70%
P Paramaribo Surinam
70%
Addis Abeba Etiopia
67%
D Dili Timor Wschodni
67%
Dżakarta Indonezja
67%
N Naypyidaw Mjanma
67%
A Asmara Erytrea
63%
B Bangi Republika Środkowoafrykańska
63%
Brazzaville Kongo
63%
T Trypolis Libia
63%
Tunis Tunezja
63%
M Maputo Mozambik
60%
Mbabane Eswatini
60%
S Santiago Chile
60%
Sofia Bułgaria
60%
Sucre Boliwia
60%
S Skopje Macedonia Północna
57%
Nie znaleziono quizów pasujących do podanych kryteriów
Rozkład punktacji
Procent ludzi z każdym wynikiem
Percentyl według liczby udzielonych odpowiedzi
Twoja historia wyników
Nie rozwiązałeś tego quizu